| 000 | 00507nam a2200193Ia 4500 | ||
|---|---|---|---|
| 005 | 20250508154313.0 | ||
| 008 | 008 250505s9999 xx 000 0 eng d | ||
| 037 | _aTextual | ||
| 040 |
_aFEDL _beng _cFEDL |
||
| 041 |
_aeng _2eng |
||
| 084 |
_a335.4, CRO _qFEDL |
||
| 100 | _aCrossman R. H. S. | ||
| 245 | 0 | _aPlanning for freedom | |
| 260 |
_aLondon, UK _bHamish Hamilton _c1965 |
||
| 300 | _axi,252p. | ||
| 650 | _aEconomics | ||
| 942 |
_cTEXL _h335.4, CRO |
||
| 999 |
_c1349472 _d1349472 |
||